[Event "DFMMLV 2019"]
[Site "Braunfels"]
[Date "2019.06.21"]
[Round "3.35"]
[White "Ramm, Madlen"]
[Black "Skibbe, Diana"]
[Result "0-1"]
[WhiteElo "1733"]
[BlackElo "1986"]
[Annotator "NA"]
[PlyCount "44"]
[EventDate "2019.06.20"]
[EventType "team-tourn"]
[EventCountry "GER"]
[SourceTitle "playchess.com"]
[Source "ChessBase"]
[SourceQuality "1"]
[WhiteTeam "Saarland"]
[BlackTeam "Thueringen"]
[TimeControl "40/5400+30:1800+30"]

1. e4 {[%emt 0:00:00]} e5 {[%emt 0:00:00]} 2. d4 {[%emt 0:00:00]} exd4 {[%emt 0:00:00]} 3. Qxd4 {[%emt 0:00:00]} Nc6 {[%emt 0:00:00]} 4. Qe3 {[%emt 0:00:04]} Nf6 {[%emt 0:04:02]} 5. Bd2 {[%emt 0:02:17]} Be7 {[%emt 0:01:06]} 6. Nc3 {[%emt 0:01:29]} O-O {[%emt 0:03:56]} 7. O-O-O {[%emt 0:00:26]} d6 {[%emt 0:07:30]} 8. h3 {[%emt 0:02:10]} Re8 {[%emt 0:03:15]} 9. f4 {[%emt 0:10:02]} Bf8 {[%emt 0:00:42]} 10. Bd3 {[%emt 0:06:52]} d5 {[%emt 0:02:28]} 11. Qe1 {[%emt 0:09:35]} d4 {[%emt 0:07:36]} 12. Nb1 {[%emt 0:03:10]} Bf5 {[%emt 0:04:58]} 13. e5 {[%emt 0:05:27]} Bxd3 {[%emt 0:00:06]} 14. cxd3 {[%emt 0:00:33]} Nd5 {[%emt 0:00:12]} 15. Qg3 {[%emt 0:02:15]} Qe7 {[%emt 0:02:11]} 16. Re1 {[%emt 0:02:17]} Ndb4 {[%emt 0:01:44]} 17. Kd1 {[%emt 0:02:54]} Nxa2 {[%emt 0:02:58]} 18. Nf3 {[%emt 0:02:02]} Nab4 {[%emt 0:00:15]} 19. f5 {[%emt 0:01:16]} Qc5 {[%emt 0:00:19]} 20. Ng5 {[%emt 0:05:39]} Qc2+ {[%emt 0:02:02]} 21. Ke2 {[%emt 0:00:01]} Rxe5+ {[%emt 0:00:24]} 22. Kf2 {[%emt 0:00:40]} Nxd3+ {[%emt 0:00:47]} 0-1

[Event "DFMMLV 2019"]
[Site "Braunfels"]
[Date "2019.06.21"]
[Round "3.36"]
[White "Jacke, Corinna"]
[Black "Fuchs, Emily"]
[Result "0-1"]
[WhiteElo "2001"]
[BlackElo "1384"]
[Annotator "NA"]
[PlyCount "64"]
[EventDate "2019.06.20"]
[EventType "team-tourn"]
[EventCountry "GER"]
[SourceTitle "playchess.com"]
[Source "ChessBase"]
[SourceQuality "1"]
[WhiteTeam "Thueringen"]
[BlackTeam "Saarland"]
[TimeControl "40/5400+30:1800+30"]

1. e4 {[%emt 0:00:00]} e5 {[%emt 0:00:00]} 2. Nf3 {[%emt 0:00:00]} Nc6 {[%emt 0:00:00]} 3. d4 {[%emt 0:00:00]} exd4 {[%emt 0:00:00]} 4. c3 {[%emt 0:00:12]} Nf6 {[%emt 0:13:06]} 5. e5 {[%emt 0:06:04]} Nd5 {[%emt 0:04:10]} 6. cxd4 {[%emt 0:17:41]} d6 {[%emt 0:09:47]} 7. Bc4 {[%emt 0:21:45]} Nb6 {[%emt 0:05:59]} 8. Bxf7+ {[%emt 0:05:46]} Kxf7 {[%emt 0:00:52]} 9. Ng5+ {[%emt 0:00:07]} Ke8 {[%emt 0:05:55]} 10. e6 {[%emt 0:05:21]} Qf6 {[%emt 0:10:34]} 11. Be3 {[%emt 0:23:52]} Bxe6 {[%emt 0:12:42]} 12. Nxe6 {[%emt 0:03:03]} Qxe6 {[%emt 0:01:40]} 13. O-O {[%emt 0:00:07]} Kd7 {[%emt 0:08:19]} 14. Nc3 {[%emt 0:02:34]} d5 {[%emt 0:03:05]} 15. Re1 {[%emt 0:01:30]} Re8 {[%emt 0:03:09]} 16. Bd2 {[%emt 0:01:03]} Qg6 {[%emt 0:03:04]} 17. Rxe8 {[%emt 0:01:44]} Qxe8 {[%emt 0:01:10]} 18. Bf4 {[%emt 0:03:17]} Qf7 {[%emt 0:10:21]} 19. Bg3 {[%emt 0:01:02]} a6 {[%emt 0:00:52]} 20. a4 {[%emt 0:01:01]} Nc4 {[%emt 0:02:07]} 21. b3 {[%emt 0:00:55]} Nd6 {[%emt 0:00:34]} 22. Qg4+ {[%emt 0:00:34]} Qf5 {[%emt 0:01:12]} 23. Qd1 {[%emt 0:01:45]} Ne4 {[%emt 0:01:06]} 24. Ne2 {[%emt 0:01:09]} Nxg3 {[%emt 0:00:27]} 25. Nxg3 {[%emt 0:00:10]} Qf6 {[%emt 0:00:46]} 26. Qh5 {[%emt 0:00:44]} Bd6 {[%emt 0:01:23]} 27. Qxd5 {[%emt 0:00:24]} Qe6 {[%emt 0:00:27]} 28. Qg5 {[%emt 0:00:25]} Qf6 {[%emt 0:00:37]} 29. Qg4+ {[%emt 0:00:07]} Kd8 {[%emt 0:00:17]} 30. Nh5 {[%emt 0:00:28]} Qxd4 {[%emt 0:00:47]} 31. Qg5+ {[%emt 0:01:20]} Be7 {[%emt 0:00:21]} 32. Qf5 {[%emt 0:01:00]} Qxa1+ {[%emt 0:00:20]} 0-1

[Event "DFMMLV 2019"]
[Site "Braunfels"]
[Date "2019.06.21"]
[Round "3.37"]
[White "Huppert, Anna"]
[Black "Dietrich, Mareike"]
[Result "1/2-1/2"]
[WhiteElo "1515"]
[BlackElo "1706"]
[Annotator "NA"]
[PlyCount "78"]
[EventDate "2019.06.20"]
[EventType "team-tourn"]
[EventCountry "GER"]
[SourceTitle "playchess.com"]
[Source "ChessBase"]
[SourceQuality "1"]
[WhiteTeam "Saarland"]
[BlackTeam "Thueringen"]
[TimeControl "40/5400+30:1800+30"]

1. e4 {[%emt 0:00:00]} c5 {[%emt 0:00:00]} 2. Nc3 {[%emt 0:00:00]} a6 {[%emt 0:00:00]} 3. f4 {[%emt 0:00:09]} b5 {[%emt 0:00:25]} 4. Nf3 {[%emt 0:00:19]} Bb7 {[%emt 0:00:04]} 5. d3 {[%emt 0:00:21]} e6 {[%emt 0:00:25]} 6. Be3 {[%emt 0:01:13]} d5 {[%emt 0:02:25]} 7. exd5 {[%emt 0:01:47]} exd5 {[%emt 0:00:35]} 8. d4 {[%emt 0:02:16]} c4 {[%emt 0:03:14]} 9. a3 {[%emt 0:03:42]} Nf6 {[%emt 0:00:46]} 10. Be2 {[%emt 0:04:03]} Bd6 {[%emt 0:03:44]} 11. O-O {[%emt 0:01:29]} Ng4 {[%emt 0:07:14]} 12. Bd2 {[%emt 0:01:58]} Qb6 {[%emt 0:04:07]} 13. Qe1 {[%emt 0:03:48]} Be7 {[%emt 0:05:56]} 14. Nd1 {[%emt 0:01:53]} Nc6 {[%emt 0:02:17]} 15. c3 {[%emt 0:02:01]} O-O-O {[%emt 0:04:30]} 16. Kh1 {[%emt 0:05:06]} h5 {[%emt 0:04:50]} 17. a4 {[%emt 0:01:32]} Qc7 {[%emt 0:02:48]} 18. axb5 {[%emt 0:01:14]} axb5 {[%emt 0:00:01]} 19. Rb1 {[%emt 0:00:42]} g5 {[%emt 0:08:21]} 20. f5 {[%emt 0:04:07]} Rdg8 {[%emt 0:02:53]} 21. b3 {[%emt 0:01:12]} Bd6 {[%emt 0:00:38]} 22. h3 {[%emt 0:04:00]} Nh2 {[%emt 0:01:12]} 23. Nxh2 {[%emt 0:03:04]} Bxh2 {[%emt 0:01:16]} 24. bxc4 {[%emt 0:00:35]} Bg3 {[%emt 0:00:57]} 25. Nf2 {[%emt 0:00:17]} bxc4 {[%emt 0:02:12]} 26. Rb5 {[%emt 0:03:59]} Qd7 {[%emt 0:04:43]} 27. Qb1 {[%emt 0:03:04]} Ne7 {[%emt 0:03:26]} 28. Bd1 {[%emt 0:04:38]} Bc6 {[%emt 0:01:42]} 29. Ra5 {[%emt 0:04:44]} Nxf5 {[%emt 0:03:32]} 30. Bc2 {[%emt 0:01:13]} Nd6 {[%emt 0:07:00]} 31. Bc1 {[%emt 0:04:04]} g4 {[%emt 0:04:31]} 32. Ba3 {[%emt 0:04:10]} Bxf2 {[%emt 0:05:07]} 33. Bxd6 {[%emt 0:01:20]} Qxd6 {[%emt 0:01:04]} 34. Rxf2 {[%emt 0:01:18]} gxh3 {[%emt 0:03:45]} 35. Bf5+ {[%emt 0:00:44]} Kd8 {[%emt 0:02:52]} 36. Bxh3 {[%emt 0:00:38]} Qc7 {[%emt 0:02:34]} 37. Rc5 {[%emt 0:01:49]} Re8 {[%emt 0:01:14]} 38. Rf6 {[%emt 0:03:58]} Qb7 {[%emt 0:02:02]} 39. Qf5 {[%emt 0:04:22]} Re1+ {[%emt 0:01:39]} 1/2-1/2

[Event "DFMMLV 2019"]
[Site "Braunfels"]
[Date "2019.06.21"]
[Round "3.38"]
[White "Schulz, Theresa Charlotte"]
[Black "Weinmann, Helene"]
[Result "1-0"]
[WhiteElo "1603"]
[BlackElo "1522"]
[Annotator "NA"]
[PlyCount "75"]
[EventDate "2019.06.20"]
[EventType "team-tourn"]
[EventCountry "GER"]
[SourceTitle "playchess.com"]
[Source "ChessBase"]
[SourceQuality "1"]
[WhiteTeam "Thueringen"]
[BlackTeam "Saarland"]
[TimeControl "40/5400+30:1800+30"]

1. e4 {[%emt 0:00:00]} e5 {[%emt 0:00:00]} 2. Nf3 {[%emt 0:00:00]} d6 {[%emt 0:00:00]} 3. d4 {[%emt 0:00:00]} exd4 {[%emt 0:00:06]} 4. Nxd4 {[%emt 0:00:05]} Nf6 {[%emt 0:00:16]} 5. Nc3 {[%emt 0:00:09]} Be7 {[%emt 0:00:17]} 6. Bc4 {[%emt 0:00:17]} O-O {[%emt 0:00:22]} 7. O-O {[%emt 0:00:08]} Nbd7 {[%emt 0:00:17]} 8. Bb3 {[%emt 0:01:52]} Nc5 {[%emt 0:00:36]} 9. Re1 {[%emt 0:00:33]} Nxb3 {[%emt 0:00:26]} 10. cxb3 {[%emt 0:02:15]} Nd7 {[%emt 0:02:57]} 11. f4 {[%emt 0:00:42]} Bf6 {[%emt 0:00:38]} 12. Nf5 {[%emt 0:04:18]} Nb6 {[%emt 0:01:34]} 13. Ng3 {[%emt 0:00:43]} Bd7 {[%emt 0:01:10]} 14. Nh5 {[%emt 0:04:22]} Bh4 {[%emt 0:02:41]} 15. g3 {[%emt 0:03:25]} Be7 {[%emt 0:00:12]} 16. f5 {[%emt 0:02:38]} f6 {[%emt 0:04:21]} 17. Nf4 {[%emt 0:08:36]} Qc8 {[%emt 0:00:54]} 18. Nce2 {[%emt 0:01:20]} c6 {[%emt 0:04:14]} 19. Nd4 {[%emt 0:01:41]} Rf7 {[%emt 0:02:04]} 20. Nde6 {[%emt 0:06:12]} Bf8 {[%emt 0:05:49]} 21. Qh5 {[%emt 0:03:53]} Bxe6 {[%emt 0:05:17]} 22. Nxe6 {[%emt 0:00:39]} Qe8 {[%emt 0:02:16]} 23. g4 {[%emt 0:01:31]} Rd7 {[%emt 0:01:24]} 24. Qh4 {[%emt 0:01:48]} Qf7 {[%emt 0:01:07]} 25. g5 {[%emt 0:04:55]} Be7 {[%emt 0:02:33]} 26. Re2 {[%emt 0:03:06]} d5 {[%emt 0:02:15]} 27. g6 {[%emt 0:11:40]} hxg6 {[%emt 0:02:32]} 28. Rg2 {[%emt 0:04:12]} g5 {[%emt 0:02:01]} 29. Qg4 {[%emt 0:00:23]} dxe4 {[%emt 0:01:59]} 30. h4 {[%emt 0:01:52]} gxh4 {[%emt 0:05:14]} 31. Qxh4 {[%emt 0:04:10]} Rd1+ {[%emt 0:00:41]} 32. Kf2 {[%emt 0:00:20]} Bf8 {[%emt 0:01:11]} 33. Rh2 {[%emt 0:07:20]} Qd7 {[%emt 0:01:34]} 34. Qh7+ {[%emt 0:05:51]} Kf7 {[%emt 0:00:50]} 35. Qh5+ {[%emt 0:00:59]} Ke7 {[%emt 0:01:21]} 36. Be3 {[%emt 0:00:51]} Rd2+ {[%emt 0:01:18]} 37. Kg1 {[%emt 0:04:14]} Rd1+ {[%emt 0:00:57]} 38. Rxd1 {[%emt 0:00:07]} 1-0

[Event "DFMMLV 2019"]
[Site "Braunfels"]
[Date "2019.06.21"]
[Round "3.39"]
[White "Alhassan, Jodi"]
[Black "Neumann, Tina"]
[Result "0-1"]
[WhiteElo "1108"]
[BlackElo "1525"]
[Annotator "NA"]
[PlyCount "110"]
[EventDate "2019.06.20"]
[EventType "team-tourn"]
[EventCountry "GER"]
[SourceTitle "playchess.com"]
[Source "ChessBase"]
[SourceQuality "1"]
[WhiteTeam "Saarland"]
[BlackTeam "Thueringen"]
[TimeControl "40/5400+30:1800+30"]

1. e4 {[%emt 0:00:00]} d5 {[%emt 0:00:14]} 2. exd5 {[%emt 0:00:00]} Qxd5 {[%emt 0:00:06]} 3. Nc3 {[%emt 0:00:00]} Qa5 {[%emt 0:00:03]} 4. d4 {[%emt 0:00:20]} Nf6 {[%emt 0:00:06]} 5. Bd2 {[%emt 0:05:22]} c6 {[%emt 0:00:13]} 6. Ne4 {[%emt 0:04:09]} Qc7 {[%emt 0:00:22]} 7. Nxf6+ {[%emt 0:00:54]} gxf6 {[%emt 0:00:18]} 8. Bc4 {[%emt 0:14:19]} Bf5 {[%emt 0:01:47]} 9. Nf3 {[%emt 0:08:25]} e6 {[%emt 0:05:49]} 10. O-O {[%emt 0:06:11]} Nd7 {[%emt 0:02:53]} 11. Nh4 {[%emt 0:06:36]} Bg6 {[%emt 0:00:59]} 12. c3 {[%emt 0:04:35]} O-O-O {[%emt 0:03:20]} 13. a4 {[%emt 0:04:57]} Bd6 {[%emt 0:03:22]} 14. h3 {[%emt 0:02:58]} Rdg8 {[%emt 0:05:06]} 15. b4 {[%emt 0:02:07]} Be4 {[%emt 0:30:07]} 16. Re1 {[%emt 0:04:13]} f5 {[%emt 0:07:51]} 17. b5 {[%emt 0:02:25]} Nf6 {[%emt 0:15:08]} 18. a5 {[%emt 0:11:46]} cxb5 {[%emt 0:06:04]} 19. Bxb5 {[%emt 0:00:22]} a6 {[%emt 0:02:50]} 20. Bf1 {[%emt 0:01:01]} Nd5 {[%emt 0:03:46]} 21. Ra4 {[%emt 0:01:13]} Kd8 {[%emt 0:04:30]} 22. Rc4 {[%emt 0:00:38]} Qxa5 {[%emt 0:01:43]} 23. Qh5 {[%emt 0:01:24]} b5 {[%emt 0:02:00]} 24. Rc6 {[%emt 0:03:43]} Kd7 {[%emt 0:01:52]} 25. Rxd6+ {[%emt 0:01:26]} Kxd6 {[%emt 0:00:08]} 26. Qxf7 {[%emt 0:01:21]} Qc7 {[%emt 0:01:20]} 27. Qxc7+ {[%emt 0:00:17]} Nxc7 {[%emt 0:00:03]} 28. Bf4+ {[%emt 0:00:21]} Kd7 {[%emt 0:00:45]} 29. Be5 {[%emt 0:00:07]} Bd5 {[%emt 0:00:41]} 30. Bxh8 {[%emt 0:00:19]} Rxh8 {[%emt 0:00:01]} 31. Rc1 {[%emt 0:01:32]} Rc8 {[%emt 0:00:49]} 32. g3 {[%emt 0:00:29]} Ne8 {[%emt 0:00:34]} 33. Ng2 {[%emt 0:00:32]} Bc4 {[%emt 0:00:45]} 34. Bxc4 {[%emt 0:00:41]} Rxc4 {[%emt 0:00:05]} 35. Ne3 {[%emt 0:00:20]} Rc6 {[%emt 0:01:00]} 36. c4 {[%emt 0:01:22]} bxc4 {[%emt 0:00:37]} 37. Nxc4 {[%emt 0:00:37]} Ke7 {[%emt 0:00:17]} 38. Rc2 {[%emt 0:00:35]} Nd6 {[%emt 0:00:22]} 39. Ne3 {[%emt 0:00:18]} Rxc2 {[%emt 0:00:40]} 40. Nxc2 {[%emt 0:00:07]} Kd7 {[%emt 0:00:34]} 41. Kf1 {[%emt 0:30:34]} Kc6 {[%emt 0:30:32]} 42. Ke1 {[%emt 0:00:08]} a5 {[%emt 0:00:00]} 43. Kd2 {[%emt 0:00:00]} Kd5 {[%emt 0:00:00]} 44. Kd3 {[%emt 0:00:00]} Ne4 {[%emt 0:00:00]} 45. Ne3+ {[%emt 0:00:00]} Kc6 {[%emt 0:00:00]} 46. Ke2 {[%emt 0:00:00]} Kb5 {[%emt 0:00:00]} 47. Kd3 {[%emt 0:00:00]} Nxf2+ {[%emt 0:00:00]} 48. Kc3 {[%emt 0:00:00]} Ne4+ {[%emt 0:00:00]} 49. Kb3 {[%emt 0:00:00]} Nxg3 {[%emt 0:00:00]} 50. Nc2 {[%emt 0:00:00]} a4+ {[%emt 0:00:00]} 51. Kc3 {[%emt 0:00:00]} Ne4+ {[%emt 0:00:00]} 52. Kb2 {[%emt 0:00:00]} Kc4 {[%emt 0:00:00]} 53. Ka3 {[%emt 0:00:00]} Kc3 {[%emt 0:00:00]} 54. Nb4 {[%emt 0:00:00]} Kxd4 {[%emt 0:00:00]} 55. Kxa4 {[%emt 0:00:00]} f4 0-1

[Event "DFMMLV 2019"]
[Site "Braunfels"]
[Date "2019.06.21"]
[Round "3.41"]
[White "Brandt, Carina"]
[Black "Zschischang, Marine"]
[Result "1-0"]
[WhiteElo "2085"]
[BlackElo "2060"]
[Annotator "NA"]
[PlyCount "125"]
[EventDate "2019.06.20"]
[EventType "team-tourn"]
[EventCountry "GER"]
[SourceTitle "playchess.com"]
[Source "ChessBase"]
[SourceQuality "1"]
[WhiteTeam "Hamburg"]
[BlackTeam "Niedersachsen Bremen"]
[TimeControl "40/5400+30:1800+30"]

1. e4 {[%emt 0:00:00]} e6 {[%emt 0:00:00]} 2. d4 {[%emt 0:00:00]} d5 {[%emt 0:00:00]} 3. Nc3 {[%emt 0:00:00]} dxe4 {[%emt 0:00:00]} 4. Nxe4 {[%emt 0:00:00]} Nd7 {[%emt 0:00:00]} 5. Nf3 {[%emt 0:00:02]} Ngf6 {[%emt 0:00:00]} 6. Bd3 {[%emt 0:00:09]} c5 {[%emt 0:00:00]} 7. Qe2 {[%emt 0:09:16]} Qc7 {[%emt 0:03:08]} 8. Nxf6+ {[%emt 0:06:14]} Nxf6 {[%emt 0:00:27]} 9. dxc5 {[%emt 0:01:27]} Bxc5 {[%emt 0:01:17]} 10. Bg5 {[%emt 0:03:37]} a6 {[%emt 0:08:25]} 11. O-O-O {[%emt 0:01:40]} Qb6 {[%emt 0:12:18]} 12. Ne5 {[%emt 0:06:23]} Bd4 {[%emt 0:12:30]} 13. Nc4 {[%emt 0:03:25]} Qc7 {[%emt 0:04:47]} 14. Be4 {[%emt 0:04:35]} Bc5 {[%emt 0:09:26]} 15. g3 {[%emt 0:11:07]} O-O {[%emt 0:04:34]} 16. Bxf6 {[%emt 0:05:27]} gxf6 {[%emt 0:00:44]} 17. f4 {[%emt 0:06:03]} Bd7 {[%emt 0:08:06]} 18. Bxh7+ {[%emt 0:02:29]} Kg7 {[%emt 0:04:44]} 19. Bd3 {[%emt 0:00:48]} Rfc8 {[%emt 0:03:10]} 20. Qg4+ {[%emt 0:06:09]} Kf8 {[%emt 0:00:55]} 21. Qh4 {[%emt 0:00:48]} Bb5 {[%emt 0:10:28]} 22. Kb1 {[%emt 0:03:05]} Bd4 {[%emt 0:01:03]} 23. f5 {[%emt 0:02:24]} e5 {[%emt 0:03:43]} 24. Na3 {[%emt 0:03:22]} Bc6 {[%emt 0:08:31]} 25. Rhe1 {[%emt 0:02:11]} Bf3 {[%emt 0:00:39]} 26. Qxf6 {[%emt 0:10:30]} Bxd1 {[%emt 0:00:28]} 27. Rxd1 {[%emt 0:00:19]} Qb6 {[%emt 0:02:24]} 28. Qxb6 {[%emt 0:02:14]} Bxb6 {[%emt 0:00:01]} 29. Nc4 {[%emt 0:01:07]} Bc7 {[%emt 0:00:01]} 30. Be4 {[%emt 0:00:10]} Rd8 {[%emt 0:00:20]} 31. Re1 {[%emt 0:02:47]} Ra7 {[%emt 0:00:32]} 32. Ne3 {[%emt 0:01:59]} Rd2 {[%emt 0:01:00]} 33. h4 {[%emt 0:00:12]} b5 {[%emt 0:00:47]} 34. Kc1 {[%emt 0:00:21]} Rd6 {[%emt 0:00:39]} 35. Nd5 {[%emt 0:02:12]} Bd8 {[%emt 0:00:05]} 36. c3 {[%emt 0:01:41]} Rad7 {[%emt 0:00:40]} 37. Rd1 {[%emt 0:00:01]} f6 {[%emt 0:00:17]} 38. Kc2 {[%emt 0:00:24]} Rg7 {[%emt 0:00:08]} 39. Rg1 {[%emt 0:02:04]} Rgd7 {[%emt 0:01:03]} 40. Rd1 {[%emt 0:00:11]} Bb6 {[%emt 0:00:45]} 41. g4 {[%emt 0:08:44]} Bf2 {[%emt 0:02:54]} 42. g5 {[%emt 0:05:06]} Bxh4 {[%emt 0:01:25]} 43. g6 {[%emt 0:00:06]} Bg5 {[%emt 0:01:16]} 44. b3 {[%emt 0:01:00]} a5 {[%emt 0:13:34]} 45. c4 {[%emt 0:01:18]} bxc4 {[%emt 0:06:38]} 46. bxc4 {[%emt 0:00:06]} Rc6 {[%emt 0:00:35]} 47. Kc3 {[%emt 0:00:36]} Kg7 {[%emt 0:05:18]} 48. Rh1 {[%emt 0:01:13]} Bh6 {[%emt 0:00:15]} 49. Rh2 {[%emt 0:02:31]} Rc5 {[%emt 0:01:21]} 50. Rb2 {[%emt 0:06:53]} Bg5 {[%emt 0:00:20]} 51. Rb8 {[%emt 0:02:00]} Bd2+ {[%emt 0:01:45]} 52. Kxd2 {[%emt 0:01:58]} Rxc4 {[%emt 0:00:02]} 53. Ke3 {[%emt 0:00:09]} Ra4 {[%emt 0:00:25]} 54. Rg8+ {[%emt 0:01:44]} Kh6 {[%emt 0:00:54]} 55. Rh8+ {[%emt 0:00:44]} Kg5 {[%emt 0:00:01]} 56. Rh5+ {[%emt 0:00:10]} Kxh5 {[%emt 0:00:06]} 57. Nxf6+ {[%emt 0:00:06]} Kh6 {[%emt 0:00:17]} 58. Nxd7 {[%emt 0:00:19]} Ra3+ {[%emt 0:00:02]} 59. Bd3 {[%emt 0:00:17]} Rxa2 {[%emt 0:00:08]} 60. f6 {[%emt 0:00:30]} e4 {[%emt 0:01:56]} 61. Bxe4 {[%emt 0:00:24]} Ra1 {[%emt 0:00:06]} 62. f7 {[%emt 0:00:22]} Rf1 {[%emt 0:00:51]} 63. Bf3 {[%emt 0:00:10]} 1-0

[Event "DFMMLV 2019"]
[Site "Braunfels"]
[Date "2019.06.21"]
[Round "3.42"]
[White "Moenster, Madita"]
[Black "Wulf, Constanze"]
[Result "0-1"]
[WhiteElo "1994"]
[BlackElo "1711"]
[Annotator "NA"]
[PlyCount "134"]
[EventDate "2019.06.20"]
[EventType "team-tourn"]
[EventCountry "GER"]
[SourceTitle "playchess.com"]
[Source "ChessBase"]
[SourceQuality "1"]
[WhiteTeam "Niedersachsen Bremen"]
[BlackTeam "Hamburg"]
[TimeControl "40/5400+30:1800+30"]

1. e4 {[%emt 0:00:00]} c5 {[%emt 0:00:00]} 2. Nf3 {[%emt 0:00:00]} d6 {[%emt 0:00:00]} 3. d4 {[%emt 0:00:00]} cxd4 {[%emt 0:00:00]} 4. Nxd4 {[%emt 0:00:00]} Nf6 {[%emt 0:00:00]} 5. Nc3 {[%emt 0:00:03]} a6 {[%emt 0:00:00]} 6. f3 {[%emt 0:00:14]} e5 {[%emt 0:00:00]} 7. Nb3 {[%emt 0:00:07]} Be6 {[%emt 0:00:12]} 8. Be3 {[%emt 0:00:12]} Be7 {[%emt 0:00:04]} 9. Qd2 {[%emt 0:00:08]} Nbd7 {[%emt 0:00:09]} 10. O-O-O {[%emt 0:01:47]} b5 {[%emt 0:00:21]} 11. g4 {[%emt 0:01:42]} Nb6 {[%emt 0:00:31]} 12. g5 {[%emt 0:09:27]} Nfd7 {[%emt 0:04:55]} 13. Kb1 {[%emt 0:06:22]} Qc7 {[%emt 0:09:32]} 14. Nd5 {[%emt 0:11:25]} Bxd5 {[%emt 0:07:37]} 15. exd5 {[%emt 0:02:04]} O-O {[%emt 0:10:03]} 16. h4 {[%emt 0:05:16]} Nc4 {[%emt 0:02:29]} 17. Bxc4 {[%emt 0:03:00]} bxc4 {[%emt 0:00:14]} 18. Na5 {[%emt 0:02:02]} Rfc8 {[%emt 0:03:40]} 19. Nc6 {[%emt 0:04:23]} Bf8 {[%emt 0:00:14]} 20. h5 {[%emt 0:00:46]} Nb8 {[%emt 0:04:00]} 21. Nxb8 {[%emt 0:05:38]} c3 {[%emt 0:07:53]} 22. Qd3 {[%emt 0:01:46]} Rcxb8 {[%emt 0:05:15]} 23. b3 {[%emt 0:07:20]} a5 {[%emt 0:06:42]} 24. Rh4 {[%emt 0:06:29]} Rb4 {[%emt 0:05:44]} 25. Rdh1 {[%emt 0:03:25]} Rab8 {[%emt 0:09:44]} 26. g6 {[%emt 0:02:15]} fxg6 {[%emt 0:01:25]} 27. hxg6 {[%emt 0:00:27]} h6 {[%emt 0:00:15]} 28. R4h2 {[%emt 0:04:42]} Qb7 {[%emt 0:05:53]} 29. Rd1 {[%emt 0:05:49]} Rc8 {[%emt 0:07:05]} 30. Qf5 {[%emt 0:11:42]} Re8 {[%emt 0:03:27]} 31. Ka1 {[%emt 0:02:33]} Rb5 {[%emt 0:02:25]} 32. Qe4 {[%emt 0:00:35]} Qd7 {[%emt 0:01:13]} 33. Rdh1 {[%emt 0:01:39]} Qb7 {[%emt 0:02:42]} 34. Rd1 {[%emt 0:00:50]} Rb4 {[%emt 0:00:16]} 35. Qd3 {[%emt 0:00:27]} Qc8 {[%emt 0:00:38]} 36. Rdh1 {[%emt 0:00:58]} e4 {[%emt 0:00:55]} 37. fxe4 {[%emt 0:01:55]} Rbxe4 {[%emt 0:00:07]} 38. Rh3 {[%emt 0:00:23]} Qc7 {[%emt 0:02:18]} 39. Rf1 {[%emt 0:00:50]} Qe7 {[%emt 0:00:46]} 40. Bc1 {[%emt 0:00:47]} Re1 {[%emt 0:00:35]} 41. Qf3 {[%emt 0:02:30]} Qf6 {[%emt 0:12:55]} 42. Qxf6 {[%emt 0:04:39]} gxf6 {[%emt 0:00:07]} 43. Rhh1 {[%emt 0:01:30]} Rxf1 {[%emt 0:00:49]} 44. Rxf1 {[%emt 0:00:07]} Kg7 {[%emt 0:03:42]} 45. Rf3 {[%emt 0:01:43]} Re5 {[%emt 0:01:22]} 46. Rxc3 {[%emt 0:01:02]} Rxd5 {[%emt 0:00:13]} 47. Rc8 {[%emt 0:03:01]} h5 {[%emt 0:01:30]} 48. c4 {[%emt 0:01:38]} Re5 {[%emt 0:00:37]} 49. Bf4 {[%emt 0:04:51]} Re4 {[%emt 0:01:27]} 50. Bd2 {[%emt 0:01:30]} Be7 {[%emt 0:00:21]} 51. Bxa5 {[%emt 0:01:41]} Kxg6 52. b4 {[%emt 0:03:00]} f5 {[%emt 0:00:49]} 53. b5 {[%emt 0:01:22]} Bf6+ {[%emt 0:01:23]} 54. Kb1 {[%emt 0:00:09]} f4 {[%emt 0:00:11]} 55. Kc2 {[%emt 0:06:34]} f3 {[%emt 0:02:05]} 56. Rg8+ {[%emt 0:01:27]} Kf5 {[%emt 0:01:30]} 57. Rg1 {[%emt 0:00:08]} Rxc4+ {[%emt 0:01:29]} 58. Kb3 {[%emt 0:00:36]} Rc8 {[%emt 0:00:24]} 59. a4 {[%emt 0:00:35]} Bd4 {[%emt 0:00:38]} 60. Rf1 {[%emt 0:00:22]} Kg4 {[%emt 0:00:45]} 61. Bb4 {[%emt 0:01:12]} Kg3 {[%emt 0:03:37]} 62. Bxd6+ {[%emt 0:01:21]} Kg2 {[%emt 0:00:09]} 63. Rd1 {[%emt 0:00:31]} Bb6 {[%emt 0:00:39]} 64. Kb4 {[%emt 0:00:30]} Ra8 {[%emt 0:00:42]} 65. Ra1 {[%emt 0:00:23]} f2 {[%emt 0:01:06]} 66. Bc5 {[%emt 0:00:38]} Ba5+ {[%emt 0:00:16]} 67. Kc4 {[%emt 0:00:20]} f1=Q+ {[%emt 0:00:09]} 0-1

[Event "DFMMLV 2019"]
[Site "Braunfels"]
[Date "2019.06.21"]
[Round "3.43"]
[White "Tobianski, Karina"]
[Black "Aden, Dagmar"]
[Result "1/2-1/2"]
[WhiteElo "1680"]
[BlackElo "1855"]
[Annotator "NA"]
[PlyCount "63"]
[EventDate "2019.06.20"]
[EventType "team-tourn"]
[EventCountry "GER"]
[SourceTitle "playchess.com"]
[Source "ChessBase"]
[SourceQuality "1"]
[WhiteTeam "Hamburg"]
[BlackTeam "Niedersachsen Bremen"]
[TimeControl "40/5400+30:1800+30"]

1. e4 {[%emt 0:00:00]} c5 {[%emt 0:00:00]} 2. c3 {[%emt 0:00:00]} Nf6 {[%emt 0:00:00]} 3. e5 {[%emt 0:00:00]} Nd5 {[%emt 0:00:04]} 4. d4 {[%emt 0:00:00]} cxd4 {[%emt 0:00:14]} 5. cxd4 {[%emt 0:00:00]} e6 {[%emt 0:00:37]} 6. Nf3 {[%emt 0:00:13]} Nc6 {[%emt 0:01:50]} 7. a3 {[%emt 0:00:13]} a5 {[%emt 0:03:06]} 8. Bd3 {[%emt 0:01:45]} d6 {[%emt 0:04:59]} 9. O-O {[%emt 0:00:57]} dxe5 {[%emt 0:02:34]} 10. dxe5 {[%emt 0:00:38]} Qc7 {[%emt 0:02:10]} 11. Re1 {[%emt 0:01:30]} g6 {[%emt 0:02:25]} 12. Qe2 {[%emt 0:05:59]} Bg7 {[%emt 0:04:10]} 13. Bd2 {[%emt 0:07:14]} Bd7 {[%emt 0:03:09]} 14. Nc3 {[%emt 0:02:11]} Nxc3 {[%emt 0:01:09]} 15. Bxc3 {[%emt 0:00:19]} O-O {[%emt 0:05:00]} 16. Rac1 {[%emt 0:05:54]} Qb8 {[%emt 0:07:45]} 17. h4 {[%emt 0:02:46]} Ne7 {[%emt 0:07:14]} 18. h5 {[%emt 0:24:42]} Bc6 {[%emt 0:08:23]} 19. hxg6 {[%emt 0:03:25]} hxg6 {[%emt 0:01:24]} 20. Ng5 {[%emt 0:05:40]} Rd8 {[%emt 0:11:41]} 21. Bc4 {[%emt 0:12:33]} Bd5 {[%emt 0:04:38]} 22. Bxd5 {[%emt 0:06:12]} Nxd5 {[%emt 0:00:45]} 23. Qf3 {[%emt 0:00:48]} Rd7 {[%emt 0:01:18]} 24. Rcd1 {[%emt 0:02:40]} Qe8 {[%emt 0:03:08]} 25. Ne4 {[%emt 0:01:46]} Nxc3 {[%emt 0:04:50]} 26. Qxc3 {[%emt 0:00:17]} Rxd1 {[%emt 0:03:47]} 27. Rxd1 {[%emt 0:00:07]} Rd8 {[%emt 0:01:01]} 28. Rxd8 {[%emt 0:06:06]} Qxd8 {[%emt 0:00:09]} 29. Nf6+ {[%emt 0:01:26]} Bxf6 {[%emt 0:01:18]} 30. exf6 {[%emt 0:00:05]} Qd1+ {[%emt 0:01:01]} 31. Kh2 Qh5+ 32. Kg1 {[%emt 0:04:53]} 1/2-1/2